000 00331nam a2200121Ia 4500
008 240731s9999 xx 000 0 und d
022 _a2253-1580
245 0 _aResearch and Reports in Transdermal Drug Delivery
260 _bDove Medical Press
856 _uhttps://www.tandfonline.com/loi/drtd20
942 _2ddc
942 _cTFEJ
999 _c79205
_d79205
945 _a1
_bMadushi Gamage
_c1
_dMadushi Gamage